| 000 | 01661cam a2200301 a 4500 | ||
|---|---|---|---|
| 003 | OSt | ||
| 005 | 20201209114453.0 | ||
| 008 | 100826s2009 ck rl 000 0 spa d | ||
| 020 | _a9789587380378 | ||
| 040 |
_aCO-BoPUJ _cCO-JMCR |
||
| 041 | 0 | _aspa | |
| 082 | 0 | 4 |
_a342.03 / _bQ71e _223 |
| 100 | 1 |
_aQuinche Ramírez, Manuel Fernando, _eautor _912479 |
|
| 245 | 1 | 3 |
_aLa elusión constitucional : _buna política de evasión del control constitucional en Colombia / _cManuel Fernando Quinche Ramírez |
| 250 | _aSegunda edición | ||
| 260 |
_aBogotá : _bEditorial Universidad del Rosario, _c2009 |
||
| 300 |
_a258 páginas ; _c24 cm. |
||
| 490 | 0 | _aColección textos de jurisprudencia | |
| 504 | _aIncluye referencias bibliográficas (p. 256-258). | ||
| 505 | _aLa manipulación constitucional -- La elusión constitucional con los actos reformatorios de la Constitución -- La elusión constitucional con los tratados públicos -- Los derechos en el sistema colombiano -- La elusión constitucional mediante decretos reglamentarios -- El uso corriente y generalizado de la manipulación | ||
| 520 | 0 | _aEl tema de este texto es la elusión constitucional. Esta es una forma de manipulación constitucional, que consiste en adoptar un texto normativo correcto. | |
| 610 | 2 | 4 |
_aColombia _tConstitución política (1991) _912480 |
| 650 | 1 | 4 |
_aReformas constitucionales _zColombia _98119 |
| 650 | 2 | 4 |
_aControl de constitucionalidad _zColombia _98135 |
| 650 | 2 | 4 |
_aLegislación por decretos _zColombia _912481 |
| 942 |
_2ddc _cBK |
||
| 999 |
_c7029 _d7029 |
||